พระยามานวราชเสวี ครบ 7 รอบ 18 กันยายน 2517 เล่ม 1. (ระเบียนเลขที่ 47694)
| 000 -LEADER | |
|---|---|
| fixed length control field | 01444nam a22003257a 4500 |
| 003 - CONTROL NUMBER IDENTIFIER | |
| control field | NALT |
| 005 - DATE AND TIME OF LATEST TRANSACTION | |
| control field | 20251125233002.0 |
| 008 - FIXED-LENGTH DATA ELEMENTS--GENERAL INFORMATION | |
| fixed length control field | s2517 th tha d |
| 040 ## - CATALOGING SOURCE | |
| Original cataloging agency | NALT |
| 041 ## - LANGUAGE CODE | |
| Language code of text/sound track or separate title | tha |
| 090 ## - LOCALLY ASSIGNED LC-TYPE CALL NUMBER (OCLC); LOCAL CALL NUMBER (RLIN) | |
| Classification number (OCLC) (R) ; Classification number, CALL (RLIN) (NR) | KC 42 |
| Local cutter number (OCLC) ; Book number/undivided call number, CALL (RLIN) | พ362 2517 ล.1 |
| 245 00 - TITLE STATEMENT | |
| Title | พระยามานวราชเสวี ครบ 7 รอบ 18 กันยายน 2517 เล่ม 1. |
| 260 ## - PUBLICATION, DISTRIBUTION, ETC. | |
| Place of publication, distribution, etc. | กรุงเทพฯ : |
| Name of publisher, distributor, etc. | โรงพิมพ์กรมสรรพสามิต, |
| Date of publication, distribution, etc. | 2517 |
| 300 ## - PHYSICAL DESCRIPTION | |
| Extent | 2 เล่ม ; |
| Dimensions | 29 ซม. |
| 650 04 - SUBJECT ADDED ENTRY--TOPICAL TERM | |
| Topical term or geographic name entry element | คนชรา |
| 650 04 - SUBJECT ADDED ENTRY--TOPICAL TERM | |
| Topical term or geographic name entry element | มานวราชเสวี, พระยา, 2433-- |
| 650 04 - SUBJECT ADDED ENTRY--TOPICAL TERM | |
| Topical term or geographic name entry element | ประธานสภาผู้แทนราษฎร |
| 650 04 - SUBJECT ADDED ENTRY--TOPICAL TERM | |
| Topical term or geographic name entry element | การสอบสวนคดีอาญา |
| 650 04 - SUBJECT ADDED ENTRY--TOPICAL TERM | |
| Topical term or geographic name entry element | กฎหมายรัฐธรรมนูญ -- ประเทศสังคมนิยม |
| 650 04 - SUBJECT ADDED ENTRY--TOPICAL TERM | |
| Topical term or geographic name entry element | รัฐบุรุษ |
| 650 04 - SUBJECT ADDED ENTRY--TOPICAL TERM | |
| Topical term or geographic name entry element | ลามกอนาจาร |
| 650 04 - SUBJECT ADDED ENTRY--TOPICAL TERM | |
| Topical term or geographic name entry element | ธนาคารโลก |
| 650 04 - SUBJECT ADDED ENTRY--TOPICAL TERM | |
| Topical term or geographic name entry element | สถาบันการศึกษากฎหมาย -- ไทย |
| 650 04 - SUBJECT ADDED ENTRY--TOPICAL TERM | |
| Topical term or geographic name entry element | โรงเรียนกฎหมาย -- ไทย |
| 650 04 - SUBJECT ADDED ENTRY--TOPICAL TERM | |
| Topical term or geographic name entry element | กฎหมาย -- ความรู้ทั่วไป |
| 850 ## - HOLDING INSTITUTION | |
| Holding institution | NALT |
| 856 40 - ELECTRONIC LOCATION AND ACCESS | |
| Uniform Resource Identifier | <a href="https://hdl.handle.net/20.500.14156/302940">https://hdl.handle.net/20.500.14156/302940</a> |
| 942 ## - ADDED ENTRY ELEMENTS (KOHA) | |
| Koha item type | Law Book |
| Source of classification or shelving scheme | Local Classification |
| 998 ## - STAFF NAME (NALT) | |
| -- | 109 |
| -- | อารีรัตน์ วิชาช่าง |
| Withdrawn status | Lost status | Damaged status | Not for loan | Collection code | Home library | Current library | Total Checkouts | Full call number | Barcode | Date last seen | Copy number | Price effective from | Koha item type |
|---|---|---|---|---|---|---|---|---|---|---|---|---|---|
| Law Book collection | National Assembly Library of Thailand | National Assembly Library of Thailand | KC 42 พ362 2517 ล.1 | 3961164653 | 09/06/2017 | ฉ. 2 | 09/06/2017 | Law Book | |||||
| Law Book collection | National Assembly Library of Thailand | National Assembly Library of Thailand | KC 42 พ362 2517 ล.1 | 3961164652 | 09/06/2017 | ฉ. 1 | 09/06/2017 | Law Book |
